Quiz sur le Président de la République française - Statistiques

Statistiques générales
  • Ce quiz a été pris 293 fois
  • Le résultat moyen est 14 sur 20
Statistiques - réponses
Question Réponse % Correct
Résidence officielle Palais de l'Elysée
99%
Durée du mandat 5 ans
98%
Titulaire actuel du poste Emmanuel Macron
98%
Personne avec qui il "cohabite" quand le parlement ne lui est pas acquis Premier Ministre
86%
Le président de cette institution est amené à assurer l'intérim de la fonction en cas de démission/décès du titulaire Sénat
81%
L'article 15 de la constitution précise qu'il est le chef des ______ armées
80%
Depuis 1962 il est élu au suffrage _____ _____ universel direct
79%
Prérogative dont il a fait usage en 1877, 1962, 1968, 1981, 1988, 1997 et 2024 Dissolution de l'Assemblée Nationale
73%
Il est de facto Grand Maître de cette décoration crée par Napoléon Légion d'honneur
73%
Personne ayant le plus occupé le poste le plus longtemps François Mitterrand
72%
Depuis 2007, en cas de manquement grave à ses fonctions il encourt une procédure de ________ destitution
71%
Anciens présidents encore en vie (citer les noms) Nicolas Sarkozy et François Hollande
68%
Il préside cette réunion hebdomadaire se tenant traditionnellement les mercredis Conseil des ministres
66%
Premier titulaire du poste Louis Napoleon Bonaparte
65%
Prérogative qui lui permet de dispenser partiellement ou totalement une personne de l'exécution de sa peine Droit de {grâce}
61%
Sous les IIIè et IVè Républiques, il avait un rôle plus protocolaire et la politique de la nation était conduite par cette personne: Président du {conseil des ministres}
59%
Il est également de facto (co)-chef de l'Etat de ce pays Andorre
54%
Il n'est investi qu'après la proclamation des résultats par le président de cette institution Conseil constitutionnel
49%
Nommez un des deux présidents français assassinés Sadi Carnot | Paul Doumer
48%
Nombre de titulaires du poste dans l'Histoire 25
44%
Aucun quiz correspondant
Distribution des résultats
% des personnes avec chaque résultat
Percentile par nombre de réponses
Votre historique - résultats
Vous n’avez pas pris ce quiz